Teacher's manual, art/design : communicating visually /

Bibliographic Details
Main Author: Clark, Gilbert A.
Other Authors: Zimmerman, Enid
Format: Book
Language:English
Published: Blauvelt, N.Y. : Art Education, [1978]
Subjects:

MARC

Tag First Indicator Second Indicator Subfields
LEADER 00000cam a2200000 i 4500
001 in00000039911
005 20160310150906.0
008 800212s1978 nyua j b 00010 eng d
035 |a (OCoLC)05975890 
035 |9 AAE3991AM 
040 |a IPL  |c IPL  |d TXA  |d UtOrBLW 
049 |a [Curr Col] TXAM  |c 1 [1632353], 2 [1632354] 
090 |a N7430  |b .C53 Manual 
100 1 |a Clark, Gilbert A. 
245 1 0 |a Teacher's manual, art/design :  |b communicating visually /  |c written by Gilbert Clark and Enid Zimmerman ; designed by Norman Laliberte. 
264 1 |a Blauvelt, N.Y. :  |b Art Education,  |c [1978] 
264 4 |c ©1978 
300 |a 47 pages :  |b illustrations ;  |c 21 cm. 
336 |a text  |b txt  |2 rdacontent 
337 |a unmediated  |b n  |2 rdamedia 
338 |a volume  |b nc  |2 rdacarrier 
500 |a Cover title. 
504 |a Bibliography: pages 46-47. 
650 0 |a Art  |x Technique. 
650 0 |a Design  |x Technique. 
700 1 |a Zimmerman, Enid. 
740 0 |a Art/design : communicating visually : teacher's manual. 
999 |a MARS 
999 f f |s d1c38fa8-5d15-3fa5-9c4d-2bedec70076f  |i b2936f58-f88b-3cc9-8dcc-5e57e9ee9d45  |t 0 
952 f f |p ric  |a Texas A&M University  |b Rellis Campus  |c Joint Library Facility  |d Remote Storage  |t 0  |e N7430 .C53 Manual  |h Library of Congress classification  |i unmediated -- volume  |m A14800226035 
998 f f |a N7430 .C53 Manual  |t 0  |l Remote Storage